UBT Library

The Oxford dictionary of quotations. (Record no. 39697)

000 -LEADER
fixed length control field 00522pam a2200217 i 4500
001 - CONTROL NUMBER
control field 1810011
005 - DATE AND TIME OF LATEST TRANSACTION
control field 20180104045107.0
008 - FIXED-LENGTH DATA ELEMENTS--GENERAL INFORMATION
fixed length control field 790801s1979 enk 001 0 eng
010 ## - LIBRARY OF CONGRESS CONTROL NUMBER
LC control number 79040699
015 ## - NATIONAL BIBLIOGRAPHY NUMBER
National bibliography number GB79
020 ## - INTERNATIONAL STANDARD BOOK NUMBER
International Standard Book Number 019211560X :
Terms of availability £12.00
040 ## - CATALOGING SOURCE
Original cataloging agency DLC
Transcribing agency DLC
Modifying agency DLC
041 ## - LANGUAGE CODE
Language code of text/sound track or separate title eng
080 ## - UNIVERSAL DECIMAL CLASSIFICATION NUMBER
Universal Decimal Classification number 808.882
082 00 - DEWEY DECIMAL CLASSIFICATION NUMBER
Classification number R 808.882 OXF
100 ## - Rafti
Rafti 39
101 ## - Shkurtesa
Shkurtesa REF
245 04 - TITLE STATEMENT
Title The Oxford dictionary of quotations.
906 ## - LOCAL DATA ELEMENT F, LDF (RLIN)
a 7
b cbc
c orignew
d 1
e ocip
f 19
g y-gencatlg
942 ## - ADDED ENTRY ELEMENTS (KOHA)
Source of classification or shelving scheme
Item type Books
Holdings
Withdrawn status Lost status Source of classification or shelving scheme Damaged status Not for loan Collection code Permanent location Current location Shelving location Date acquired Total Checkouts Full call number Barcode Date last seen Price effective from Koha item type
          Koleksioni i përgjithshem UBT - Lipjan UBT - Lipjan Koleksioni i përgjithshem 01/04/2018   R 808.882 OXF 002-2994324 01/04/2018 01/04/2018 Reference
UBT Library © 2015-2024. All rights reserved University Education for Business and Technology